| 000 | 00663nam a22002297a 4500 | ||
|---|---|---|---|
| 003 | OSt | ||
| 005 | 20140310183028.0 | ||
| 008 | 130218t xxu||||| |||| 00| 0 eng d | ||
| 020 | _a9710868748 | ||
| 050 |
_aQA 154.2 _b.C114 2007 |
||
| 082 |
_aFIL 512.13 _b.C114 2007 |
||
| 245 |
_aAlgebra and trigonometry _cCabero, Jonathan B., Caras, Madeleine M., Salamat, Lorina G., Sta. Maria, Antonina C. |
||
| 260 |
_aMandaluyong City _bNational Book Store _cc2007 |
||
| 300 |
_a252 p. _c26 cm. |
||
| 521 | _acollege students | ||
| 526 | _c1210L-1700L | ||
| 541 | _j1 | ||
| 541 | _j2 | ||
| 541 | _j3 | ||
| 562 | _e3 | ||
| 942 |
_2lcc _cBK _kFIL |
||
| 999 |
_c18417 _d18417 |
||